1270 1122 1983 1338 1245 1212 1365 1958 1599 1443 1369 1301 1874 1403 1884 1018 1913 1401 1935 1819 1019 1507 1132 1025 1717 1592 1876 1164 1205 1769 1338 1243 1928 1146 1384 1041 1996 1789 1013 1861 1282 1818 1345 1908 1548 1640 1463 1137 1527 1253 1248 1316 1844 1373 1919 1589 1686 1359 1387 1582 1944 1822 1104 1799 1243 1543 1346 1736 1964 1048 1343 1083 1042 1060 1710 1365 1864 1061 1145 1600 1911 1881 1001 1448 1726 1847 1132 1097 1373 1605 1800 1737 1156 1631 1658 1691 1373 1826 1187 BCNSPRNW ULIB Ver.6.0+V

เปลี่ยนเป็นภาษาไทย

Change to English
 แสดงรายละเอียดบรรณานุกรม
  กลับหน้าหลัก

Brief Record : Get Marc (ISO 2709) : E-mail record : QR code < ปิดหน้าต่าง
LEADER : 00000nam 2200000uu 4500
001    13399108942
003     ULIB
008    110317s2547||||th 000 0 tha d
020    9741329407
050  4 BF724^bส821จ 2547
100 0  สุวัฒน์ วัฒนวงศ์
245 10 จิตวิทยาเพื่อการฝึกอบรมผู้ใหญ่ =^bPsychology for trainingadult /^cสุวัฒน์ วัฒนวงศ์
246 31 Psychology for training adult
250    พิมพ์ครั้งที่ 2 (ฉบับปรับปรุง)
260    กรุงเทพฯ :^bสำนักพิมพ์แห่งจุฬาลงกรณ์มหาวิทยาลัย,^c2547
300    369 หน้า ;^c21 ซม.
650  7 การฝึกอบรม^xแง่จิตวิทยา
650  7 การเรียนรู้ ในวัยชรา(จิตวิทยา)
650  7 จิตวิทยาพัฒนาการ
650  7 ผู้สูงอายุ^xจิตวิทยา
650  7 วัยชรา^xแง่จิตวิทยา
945    ^p200^l0^i017737
995    ทศพร
999 ^a ใช้งานได้ทุกระบบ
รายการนี้ยังไม่มีแท็ก
คุณยังไม่ได้ล็อกอิน คุณสามารถมีกิจกรรมร่วมกับเว็บไซต์ได้ แต่ต้องล็อกอินก่อน ::
  ล็อกอิน

รายการสื่อสารสนเทศ

ลำดับที่ ประเภท เลขเรียก/บาร์โค้ด สถานที่ สถานะ
- ไม่พบข้อมูล -

รายการใกล้เคียง
    ผู้แต่ง [สุวัฒน์ วัฒนวงศ์]

    หัวเรื่อง [การเรียนรู้ ในวัยชรา(จิตวิทยา)]
    หัวเรื่อง [จิตวิทยาพัฒนาการ]

BibComment


ยังไม่เคยถูกคอมเมนท์

คอมเมนท์ทรัพยากรรายการนี้
  คอมเมนท์: จิตวิทยาเพื่อการฝ..


 Copyright 2026. Bcnsprnw @Library